O ve C düşündü : (Record no. 23463)

MARC details
000 -BAŞLIK
Sabit Uzunluktaki Kontrol Alanı 00679nam a22002057a 4500
003 - KONTROL NUMARASI KİMLİĞİ
Kontrol Alanı koha_MIRAKIL
005 - EN SON İŞLEM TARİHİ ve ZAMANI
Kontrol Alanı 20260414110434.0
008 - SABİT UZUNLUKTAKİ VERİ ÖGELERİ - GENEL BİLGİ
Sabit Alan 260414b tur||||| |||| 00| 0 tur d
020 ## - ISBN - ULUSLARARASI STANDART KİTAP NUMARASI
Isbn 9786052079157
040 ## - KATALOGLAMA KAYNAĞI
Özgün Kataloglama Kurumu TR-IsEVY
Kataloglama Dili tur
Çeviri Kurumu TR-IsEVY
082 ## - DEWEY ONU SINIFLAMA SİSTEMİ
Sınıflama Numarası FIC GÖK/O
100 ## - KİŞİ ADI
Yazar Adı (Kişi adı) Gökalp, Alp
245 #0 - ESER ADI BİLDİRİMİ
Başlık O ve C düşündü :
Alt Eseradı vb. hayat benim bildiğim kadar mı ? /
Sorumluluk Bildirimi Alp Gökalp ; resimleyen Macide Damla Esen.
260 ## - YAYIN, DAĞITIM, VB.
Yayın Yeri İstanbul :
Yayınevi Redhouse Kidz Yayınları,
Yayın Tarihi 2018.
300 ## - FİZİKSEL TANIMLAMA
Sayfa, Cilt vb. 65 s. :
Diğer fiziki detaylar renkli resimli ;
Boyutları 20 cm.
490 0# - DİZİ BİLDİRİMİ
Dizi Bildirimi Alfabe Bulutu ; 5. kitap.
650 ## - KONU BAŞLIĞI EK GİRİŞ - KONU TERİMİ
Konusal terim veya coğrafi ad Çocuk Edebiyatı.
Alt başlık biçimi Hayat.
700 1# - EK GİRİŞ - KİŞİ ADI
Yazar Adı (Kişi adı) Eseni Macide Damla.
Ünvan resimleyen.
942 ## - EK GİRİŞ ÖGELERİ (KOHA)
Source of classification or shelving scheme Dewey Decimal Classification
Koha item type Kitap
Holdings
Kayıp Durumu Sınıflandırma Kaynağı Hasarlı Durumu Koleksiyon Kodu Kalıcı Konum Mevcut Konum Kayıt Tarih Edinim Kaynağı Toplam Ödünçverme Yer Numarası Demirbaş Numarası Son Görülme Tarihi Fatura Tarihi Materyal Türü
  Library of Congress Classification   İlkokul İLKOKUL KÜTÜPHANESİ İLKOKUL KÜTÜPHANESİ 14/04/2026 Bağış   FIC GÖK/O 25072 14/04/2026 14/04/2026 Kitap